Statystyki dla Miasta Europy na literę G

Kliknij tutaj aby rozwiązać quiz!

Ogólne statystyki

  • Ten quiz został rozwiązany 46 razy
  • Średni wynik to 11 z 30

Statystyki odpowiedzi

PopulacjaKrajMiasto% Poprawnych
486 345PolskaGdańsk
95%
242 874PolskaGdynia
88%
203 856SzwajcariaGenewa
76%
635 130Wielka BrytaniaGlasgow
76%
116 436PolskaGorzów Wielkopolski
71%
580 097WłochyGenua
68%
607 882SzwecjaGoteborg
66%
295 424AustriaGraz
63%
358 717BiałoruśGrodno
63%
171 023PolskaGliwice
59%
228 682HiszpaniaGranada
41%
265 086BelgiaGandawa
34%
102 666HiszpaniaGirona
34%
158 240FrancjaGrenoble
29%
216 655HolandiaGroningen
29%
260 126NiemcyGelsenkirchen
22%
183 219HiszpaniaGetafe
22%
131 267WęgryGyor
22%
267 706HiszpaniaGijon
20%
217 851RumuniaGałacz
15%
324 602RosjaGrozny
15%
116 557NiemcyGetynga
12%
95 945NiemcyGera
10%
108 785Wielka BrytaniaGillingham
10%
239 828UkrainaGorłówka
10%
132 416Wielka BrytaniaGloucester
7%
102 393NiemcyGutersloh
7%
94 146NiemcyGiessen
5%
120 046Wielka BrytaniaGateshead
2%
124 139WłochyGiugliano in Campania
2%

Rozkład punktacji

Percentyl według liczby udzielonych odpowiedzi

Procent ludzi z każdym wynikiem

Twoja historia wyników

Nie rozwiązałeś tego quizu